01703nam a2200409 a 4500001001200000003000800012006001900020007001500039008004100054010001700095020002800112020003500140040002100175035002000196050002600216082001700242100002700259245016600286260004400452300001600496504006400512533015200576630002600728630006800754650004900822650006200871650003600933650001500969650001500984650003800999650004701037655002901084700002001113710001701133856012601150999001701276ebr10017813CaPaEBRm u cr cn|||||||||970108s1997 enk sb 001 0 eng  z 97003402  z0415153980 (alk. paper) z0415153999 (pbk. : alk. paper) aCaPaEBRcCaPaEBR a(OCoLC)7076477914aBM503.7b.N478 1997eb04a296.3/012211 aNeusner, Jacob,d1932-14aThe intellectual foundations of Christian and Jewish discourseh[electronic resource] :bthe philosophy of religious argument /cJacob Neusner and Bruce Chilton. aLondon ;aNew York :bRoutledge,c1997. axvi, 184 p. aIncludes bibliographical references (p. 175-181) and index. aElectronic reproduction.bPalo Alto, Calif. :cebrary,d2013.nAvailable via World Wide Web.nAccess may be limited to ebrary affiliated libraries.00aTalmudxHermeneutics.00aBible.pN.T.pEpistles of PaulxCriticism, interpretation, etc. 0aJewish lawxInterpretation and construction. 0aTheologyxMethodologyxHistoryyEarly church, ca. 30-600. 0aMidrashxHistory and criticism. 0aDialectic. 0aReasoning. 0aJudaismxRelationsxChristianity. 0aChristianity and other religionsxJudaism. 7aElectronic books.2local1 aChilton, Bruce.2 aebrary, Inc.40uhttp://site.ebrary.com/lib/rucke/Doc?id=10017813zAn electronic book accessible through the World Wide Web; click to view c28122d28122